| 000 | 00436cam a22001217a 4500 | ||
|---|---|---|---|
| 008 | 180718b1987 xxu||||| |||| 00| 0 eng d | ||
| 082 | _aY26x5442 Si64 | ||
| 100 | _aSingh, Bhanwar | ||
| 245 |
_aTechno-economic assessment for solar thermal systems: evidence from solar water heaters in Bombay _cby Bhanwar Singh |
||
| 260 |
_aBombay _bCentre for Social and Technological Change _c1987 |
||
| 300 | _a69p. | ||
| 650 | _aSolar thermal --Systems | ||
| 999 |
_c501713 _d501713 |
||